000 00390cam a2200157 4500
001 M101443
008 000000n1936 000 0 eng u
035 _a(Sirsi) u101451
041 _aENG
100 _aWatson, John A. F.
245 4 _aThe Housing Act 1935
260 _aLondon
_The Chartered Surveyors Institution
_c1936
300 _a74p. ; 23cm.
690 _aHOUSING
942 _n0
999 _c100039
_d100039